Welcome to the Holygrace Academy Library

Please use search bar below to get started

THE SADDLE CLUB (Record no. 5727)

MARC details
000 -LEADER
fixed length control field 00319nam a22001457a 4500
020 ## - INTERNATIONAL STANDARD BOOK NUMBER
ISBN 0-553-40768-6
082 ## - DEWEY DECIMAL CLASSIFICATION NUMBER
Classification number 823
Item number BRY/S
100 ## - MAIN ENTRY--AUTHOR NAME
Personal name BRYANT, BONNIIE
245 ## - TITLE STATEMENT
Title THE SADDLE CLUB
260 ## - PUBLICATION, DISTRIBUTION, ETC. (IMPRINT)
Place of publication USA
Name of publisher BANTAM SKYLARK
Year of publication 1995
300 ## - PHYSICAL DESCRIPTION
Number of Pages 131
520 ## - SUMMARY, ETC.
Summary, etc CHILDRENS NOVEL
650 ## - SUBJECT ADDED ENTRY--TOPICAL TERM
Topical Term CHILDRENS NOVEL
942 ## - ADDED ENTRY ELEMENTS (KOHA)
Koha item type Books
Holdings
Withdrawn status Lost status Collection code Home library Current library Shelving location Date acquired Source of acquisition Cost, normal purchase price Full call number Accession Number Koha item type
    Fiction Main Library Main Library SHELF 15-I-CHILDREN'S STORYBOOKS 30/01/2019 Purchase 30.00 823 BRY/S 10859 Books